[Event "C.to Regionale Umbria"]
[Site "Foligno ITA"]
[Date "2010.06.04"]
[Round "2"]
[White "Castaldini, Marzia"]
[Black "Cardinali, Egidio"]
[Result "1-0"]
[WhiteElo "1425"]
[BlackElo "1999"]
[PlyCount "105"]
[EventDate "2010.06.04"]

1. e4 Nf6 2. Nc3 e5 3. Nf3 Nc6 4. d4 exd4 5. Nxd4 d6 6. Nxc6 bxc6 7. Be2 Be7 8.
Bf4 Nd7 9. Qd2 Rb8 10. Na4 Bf6 11. c3 Qe7 12. f3 Ne5 13. c4 Ng6 14. Be3 c5 15.
Rb1 O-O 16. Nc3 Be6 17. Nd5 Bxd5 18. cxd5 Qe5 19. b3 Rfe8 20. O-O Ne7 21. Bc4
h6 22. Qa5 c6 23. dxc6 Nxc6 24. Qa4 Nb4 25. a3 Nc2 26. Bf2 Qh5 27. Bg3 Be5 28.
Bxe5 Rxe5 29. Qd7 Qg6 30. g3 Ne3 31. Rfe1 Nxc4 32. bxc4 Rxb1 33. Rxb1 Qf6 34.
Rb8+ Kh7 35. Kg2 Re7 36. Qf5+ Qxf5 37. exf5 Re2+ 38. Kh3 Rc2 39. Rd8 Rxc4 40.
Rxd6 Rc3 41. Rd7 Rxf3 42. Rxf7 Rxa3 43. f6 Rf3 44. Rxg7+ Kh8 45. Rxa7 Rxf6 46.
Rc7 Rf5 47. g4 Rd5 48. Kg3 Rd3+ 49. Kf4 Rd4+ 50. Kf5 Rd2 51. h4 h5 52. g5 c4
53. Rxc4 1-0

[Event "C.to Regionale Umbria"]
[Site "Foligno ITA"]
[Date "2010.06.04"]
[Round "2"]
[White "Cenci, Federico"]
[Black "Sirci, Gianluca"]
[Result "1-0"]
[WhiteElo "1986"]
[BlackElo "1401"]
[PlyCount "49"]
[EventDate "2010.06.04"]

1. d4 d5 2. c4 Nf6 3. cxd5 Qxd5 4. Nc3 Qa5 5. Nf3 c6 6. e3 Be6 7. Bd3 Nbd7 8.
O-O Qc7 9. h3 O-O-O 10. Ng5 Qd6 11. Nxe6 Qxe6 12. Qa4 Nc5 13. dxc5 Rxd3 14.
Qxa7 Nd7 15. e4 Qc4 16. Be3 e5 17. Rac1 Bxc5 18. Qa8+ Nb8 19. Na4 Qxe4 20. Nxc5
Qg6 21. Qxb7+ Kd8 22. Qxb8+ Ke7 23. Qxe5+ Kf8 24. Nd7+ Rxd7 25. Bc5+ 1-0

[Event "C.to Regionale Umbria"]
[Site "Foligno ITA"]
[Date "2010.06.04"]
[Round "2"]
[White "Cuppone, Fiorinto"]
[Black "Minelli, Francesco"]
[Result "0-1"]
[WhiteElo "1619"]
[BlackElo "1852"]
[PlyCount "60"]
[EventDate "2010.06.04"]

1. e4 c5 2. Nf3 d6 3. d4 cxd4 4. Nxd4 Nf6 5. Nc3 g6 6. Be3 Bg7 7. f3 Nc6 8. Qd2
O-O 9. Bc4 Bd7 10. O-O-O Rc8 11. Bb3 Ne5 12. g4 Nc4 13. Bxc4 Rxc4 14. Kb1 Qc7
15. h4 b5 16. Nd5 Nxd5 17. exd5 Rc8 18. Rc1 Qb7 19. Ne2 b4 20. Rhd1 a5 21. Bg5
a4 22. Bxe7 b3 23. cxb3 axb3 24. Rxc4 bxa2+ 25. Ka1 Rxc4 26. Bxd6 Ba4 27. Rc1
Bb3 28. Rxc4 Bxc4 29. Nc3 Qb6 30. Ba3 Bxc3 0-1

[Event "C.to Regionale Umbria"]
[Site "Foligno ITA"]
[Date "2010.06.04"]
[Round "2"]
[White "Ferri, Fabio"]
[Black "Rotoni, Matteo"]
[Result "0-1"]
[WhiteElo "1819"]
[BlackElo "2142"]
[PlyCount "112"]
[EventDate "2010.06.04"]

1. c4 e5 2. Nc3 Nc6 3. Nf3 g6 4. e4 Bg7 5. d3 d6 6. Be2 Nge7 7. O-O O-O 8. Bg5
h6 9. Be3 f5 10. Nd5 f4 11. Bd2 g5 12. Ne1 Be6 13. Bg4 Bf7 14. Bc3 Nd4 15. Nc2
Ng6 16. Bxd4 exd4 17. Ne1 a5 18. Qb3 c6 19. Nb6 Ra6 20. Nd7 Ne5 21. Nxe5 Bxe5
22. Qc2 h5 23. Bf5 g4 24. f3 Qg5 25. Qe2 g3 26. h3 a4 27. Rb1 Qe7 28. Nc2 Rfa8
29. Rfc1 Ra5 30. Nb4 Bf6 31. Qd2 Qe5 32. Kf1 Bd8 33. Nc2 R5a6 34. Ne1 Ba5 35.
Qc2 Bb4 36. a3 Bc5 37. Qd2 Rb6 38. Nc2 Kg7 39. Na1 Kf6 40. Ke2 Rba6 41. Kf1 Rb8
42. Nc2 Bb6 43. Qd1 Ba5 44. Na1 b5 45. cxb5 Qxb5 46. Qc2 c5 47. Qe2 Ke5 48. Rc2
Rab6 49. Kg1 Bc3 50. Kf1 c4 51. Rxc3 dxc3 52. d4+ Kf6 53. e5+ dxe5 54. dxe5+
Qxe5 55. Qxe5+ Kxe5 56. Bd7 Rxb2 0-1

[Event "C.to Regionale Umbria"]
[Site "Foligno ITA"]
[Date "2010.06.04"]
[Round "2"]
[White "Ficco, Corrado"]
[Black "Marsili, Riccardo"]
[Result "1-0"]
[WhiteElo "2150"]
[BlackElo "1907"]
[PlyCount "107"]
[EventDate "2010.06.04"]

1. Nf3 c5 2. e4 Nc6 3. d4 cxd4 4. Nxd4 g6 5. Be3 Bg7 6. c4 Nf6 7. Nc3 Nxd4 8.
Bxd4 d6 9. Be2 O-O 10. O-O Be6 11. Rc1 Nd7 12. Be3 Kh8 13. Qd2 Ne5 14. b3 f5
15. Bh6 Qd7 16. Bxg7+ Kxg7 17. Qd4 Kg8 18. exf5 Bxf5 19. Nd5 b6 20. Qh4 Rf7 21.
f4 Nc6 22. Rcd1 Raf8 23. Bf3 e5 24. g4 Be6 25. g5 Kh8 26. Nf6 Qc7 27. Bxc6 Qxc6
28. fxe5 dxe5 29. Rfe1 Qc5+ 30. Qf2 Qc7 31. Qe3 Bf5 32. Qxe5 Qxe5 33. Rxe5 Bh3
34. Rd3 Bf5 35. Rde3 Kg7 36. Kg2 Rd8 37. Re8 Rxe8 38. Nxe8+ Kg8 39. Nf6+ Kg7
40. Kg3 h6 41. h4 hxg5 42. hxg5 Rf8 43. Re7+ Rf7 44. Re1 Bc2 45. Re2 Bd3 46.
Rh2 Bf5 47. Kf4 Re7 48. Rh7+ Kf8 49. Rxe7 Kxe7 50. Ke5 Kf7 51. Nd5 Ke8 52. Kd6
Kd8 53. b4 Bd3 54. c5 1-0

[Event "C.to Regionale Umbria"]
[Site "Foligno ITA"]
[Date "2010.06.04"]
[Round "2"]
[White "Franco, Alessandro P."]
[Black "Yamauchi, Juan"]
[Result "1-0"]
[WhiteElo "1843"]
[BlackElo "1487"]
[PlyCount "71"]
[EventDate "2010.06.04"]

1. e4 c5 2. Nf3 d6 3. d4 cxd4 4. Nxd4 Nf6 5. Nc3 a6 6. Bc4 b5 7. Bb3 e6 8. Bg5
Be7 9. f4 O-O 10. O-O Bb7 11. f5 e5 12. Bxf6 Bxf6 13. Nde2 Nc6 14. a4 b4 15.
Nd5 a5 16. Rf3 Ba6 17. Rh3 Bxe2 18. Qxe2 Nd4 19. Qh5 h6 20. Rg3 Kh7 21. Ba2 Rc8
22. c3 bxc3 23. bxc3 Nc2 24. Rd1 Bg5 25. Qg4 Rg8 26. f6 gxf6 27. Qf5+ Kh8 28.
Rf1 Be3+ 29. Rxe3 Nxe3 30. Nxe3 Rxc3 31. Qh5 Rxg2+ 32. Nxg2 Qf8 33. Bxf7 Rc7
34. Rxf6 Rc1+ 35. Rf1 Rc2 36. Nh4 1-0

[Event "C.to Regionale Umbria"]
[Site "Foligno ITA"]
[Date "2010.06.04"]
[Round "2"]
[White "Gennari, Dario"]
[Black "Ballarini, Martin"]
[Result "0-1"]
[WhiteElo "1836"]
[BlackElo "1461"]
[PlyCount "74"]
[EventDate "2010.06.04"]

1. d4 Nf6 2. c4 c5 3. d5 e6 4. Nc3 exd5 5. cxd5 d6 6. e4 a6 7. a4 g6 8. Nf3
Nbd7 9. Be2 Bg7 10. Bf4 Qe7 11. Qc2 O-O 12. O-O Re8 13. Nd2 Ne5 14. Bg5 h6 15.
Bh4 g5 16. Bg3 h5 17. f4 gxf4 18. Bxf4 Ng6 19. Bg5 Qe5 20. Nf3 Qe7 21. Rae1 Ne5
22. Nh4 Ng6 23. Nf5 Bxf5 24. Rxf5 Nf8 25. Bxh5 N8h7 26. Bh4 Qd7 27. Ref1 Nxh5
28. Rxh5 Qg4 29. Rxh7 Kxh7 30. Qf2 Bd4 31. Qxd4 cxd4 32. Rxf7+ Kg6 33. Rf6+ Kg7
34. g3 dxc3 35. bxc3 Rf8 36. Rxd6 Qh3 37. Rd7+ Kg8 0-1

[Event "C.to Regionale Umbria"]
[Site "Foligno ITA"]
[Date "2010.06.04"]
[Round "2"]
[White "Parrini, Daniele"]
[Black "Fracasso Pezzolato, Michele"]
[Result "1-0"]
[WhiteElo "2120"]
[BlackElo "1792"]
[PlyCount "81"]
[EventDate "2010.06.04"]

1. e4 c5 2. Nf3 d6 3. d4 cxd4 4. Nxd4 Nf6 5. Nc3 a6 6. g3 e6 7. Bg2 Be7 8. O-O
Qc7 9. Be3 Bd7 10. f4 Nc6 11. Kh1 Nxd4 12. Qxd4 Bc6 13. a4 O-O 14. a5 Rad8 15.
Qd2 Qb8 16. Bb6 Rd7 17. Rfd1 d5 18. e5 Ne8 19. Na4 Bxa4 20. Rxa4 f6 21. Bh3 f5
22. c4 Nc7 23. g4 g6 24. gxf5 gxf5 25. b4 Kh8 26. Ra3 Rdd8 27. Rd3 dxc4 28. Rd6
Bxd6 29. exd6 Ne8 30. Bxd8 Qxd8 31. Qd4+ Kg8 32. Qxc4 Qd7 33. Qc5 Rf7 34. Bf1
Rg7 35. b5 Nf6 36. Rc1 h6 37. Qc8+ Kh7 38. Qxd7 Nxd7 39. bxa6 bxa6 40. Bxa6 Nb8
41. Rc7 1-0

[Event "C.to Regionale Umbria"]
[Site "Foligno ITA"]
[Date "2010.06.04"]
[Round "2"]
[White "Pastore, Cosmas"]
[Black "De Lucia, Alfredo"]
[Result "1-0"]
[WhiteElo "1823"]
[BlackElo "1582"]
[PlyCount "81"]
[EventDate "2010.06.04"]

1. e4 e6 2. d4 d5 3. Nd2 Nf6 4. e5 Nfd7 5. f4 c5 6. Ngf3 Nc6 7. c3 cxd4 8. cxd4
Bb4 9. a3 Be7 10. b4 Qb6 11. Nb3 f6 12. Bd3 O-O 13. Qc2 f5 14. Nc5 Nxc5 15.
dxc5 Qc7 16. Bb2 Bd7 17. Nd4 Nxd4 18. Bxd4 a6 19. Rf1 Qd8 20. g4 Bh4+ 21. Kd2
Be7 22. gxf5 exf5 23. Rg1 Rc8 24. e6 g6 25. exd7 Qxd7 26. Qb2 Qc7 27. Be5 Qc6
28. Qb3 Qe6 29. Rae1 Bh4 30. Re2 Qc6 31. Bd4 Rce8 32. Rxe8 Rxe8 33. b5 Qc7 34.
Qxd5+ Kf8 35. Be5 Qa5+ 36. Kc2 Rd8 37. Bd6+ Kg7 38. Qxb7+ Kh6 39. Qxa6 Qxa6 40.
bxa6 Bf2 41. Rb1 1-0

[Event "C.to Regionale Umbria"]
[Site "Foligno ITA"]
[Date "2010.06.04"]
[Round "2"]
[White "Puglisi, Vincenzo"]
[Black "Pulcini, Lorenzo"]
[Result "1-0"]
[WhiteElo "2015"]
[BlackElo "1518"]
[PlyCount "49"]
[EventDate "2010.06.04"]

1. e4 c6 2. d4 d5 3. f3 e6 4. Nc3 Na6 5. a3 c5 6. Bxa6 bxa6 7. exd5 exd5 8.
dxc5 Bxc5 9. Qxd5 Qxd5 10. Nxd5 Bd6 11. Ne2 Ne7 12. Nxe7 Bxe7 13. Bf4 O-O 14.
O-O-O Be6 15. Bd6 Bxd6 16. Rxd6 Rfe8 17. Nc3 Re7 18. Rhd1 Rae8 19. Rxa6 Bc8 20.
Rad6 Kf8 21. Rd8 f5 22. Nb5 Rxd8 23. Rxd8+ Re8 24. Rxe8+ Kxe8 25. Nd6+ 1-0

[Event "C.to Regionale Umbria"]
[Site "Foligno ITA"]
[Date "2010.06.04"]
[Round "2"]
[White "Santocchi, Nicolas"]
[Black "Maddaloni, Giovanni"]
[Result "1-0"]
[WhiteElo "1512"]
[BlackElo "1772"]
[PlyCount "71"]
[EventDate "2010.06.04"]

1. e4 c5 2. Nf3 d6 3. d4 cxd4 4. Nxd4 Nf6 5. Nc3 g6 6. Be2 Bg7 7. O-O Nc6 8.
Be3 Bd7 9. Qd2 O-O 10. Rfd1 Ne5 11. Bh6 Rc8 12. Bxg7 Kxg7 13. Nf3 Nc4 14. Bxc4
Rxc4 15. e5 Ne8 16. b3 Rc8 17. Qd4 Kg8 18. Rac1 a6 19. Ne4 Bc6 20. c4 Ng7 21.
exd6 Nf5 22. Qd3 Bxe4 23. Qxe4 Nxd6 24. Qe3 Nf5 25. Rxd8 Rfxd8 26. Qb6 Rd6 27.
Qxb7 Rcd8 28. h3 Rd1+ 29. Rxd1 Rxd1+ 30. Kh2 Rc1 31. Qxa6 Rc2 32. Qa7 h5 33. b4
Re2 34. a4 f6 35. b5 g5 36. Nd4 1-0

[Event "C.to Regionale Umbria"]
[Site "Foligno ITA"]
[Date "2010.06.04"]
[Round "2"]
[White "Scipioni, Gaetano"]
[Black "Verdi, Enea"]
[Result "1-0"]
[WhiteElo "2048"]
[BlackElo "1437"]
[PlyCount "35"]
[EventDate "2010.06.04"]

1. d4 Nf6 2. Nf3 e6 3. Bf4 d5 4. e3 c5 5. c3 Nc6 6. Bd3 Bd6 7. Bg3 Bxg3 8. hxg3
c4 9. Be2 Qd6 10. Nbd2 b5 11. a3 a5 12. Qc2 b4 13. axb4 O-O 14. b5 Na7 15. e4
dxe4 16. Nxe4 Nxe4 17. Qxe4 Qd5 18. Qxh7# 1-0

[Event "C.to Regionale Umbria"]
[Site "Foligno ITA"]
[Date "2010.06.04"]
[Round "2"]
[White "Tortolini, Francesco"]
[Black "De Santis, Alessio"]
[Result "0-1"]
[WhiteElo "1922"]
[BlackElo "2316"]
[PlyCount "38"]
[EventDate "2010.06.04"]

1. e4 b6 2. g3 Bb7 3. Bg2 c5 4. Nc3 g6 5. Nge2 Bg7 6. O-O Nc6 7. b3 h5 8. Bb2
h4 9. Nf4 hxg3 10. fxg3 Bd4+ 11. Kh1 Nf6 12. Na4 Bxb2 13. Nxb2 Qc7 14. Nd5 Qxg3
15. Nxf6+ exf6 16. h3 Rxh3+ 17. Bxh3 Qxh3+ 18. Kg1 Qg3+ 19. Kh1 Ke7 0-1

[Event "C.to Regionale Umbria"]
[Site "Foligno ITA"]
[Date "2010.06.04"]
[Round "3"]
[White "Anasetti, Alberto"]
[Black "Cenci, Federico"]
[Result "1/2-1/2"]
[WhiteElo "1673"]
[BlackElo "1986"]
[PlyCount "69"]
[EventDate "2010.06.04"]

1. e4 e5 2. Nf3 Nc6 3. Bb5 a6 4. Bxc6 dxc6 5. O-O f6 6. d4 exd4 7. Nxd4 c5 8.
Nb3 Qxd1 9. Rxd1 Bd7 10. Be3 b6 11. Nc3 O-O-O 12. a4 a5 13. Nb5 Bxb5 14. axb5
Re8 15. Nd2 g5 16. f3 Nh6 17. Nc4 Nf7 18. Rd5 Nd6 19. Nxd6+ Bxd6 20. Rad1 Re5
21. Bf2 Rxd5 22. Rxd5 Be5 23. b3 c4 24. Be3 cxb3 25. cxb3 Rd8 26. Rxd8+ Kxd8
27. g3 Kd7 28. Kf2 Kd6 29. f4 gxf4 30. gxf4 Bc3 31. Ke2 c6 32. Kd3 Bb4 33. bxc6
Kxc6 34. Bd4 Be7 35. Bc3 1/2-1/2

[Event "C.to Regionale Umbria"]
[Site "Foligno ITA"]
[Date "2010.06.04"]
[Round "3"]
[White "Ballarini, Martin"]
[Black "Gasperoni, Claudio"]
[Result "1-0"]
[WhiteElo "1461"]
[BlackElo "1812"]
[PlyCount "72"]
[EventDate "2010.06.04"]

1. e4 e5 2. Nf3 Nc6 3. Bc4 Be7 4. d3 Nf6 5. c3 d6 6. O-O O-O 7. h3 a6 8. a4 h6
9. Nbd2 Nh7 10. d4 Ng5 11. d5 Nb8 12. Bd3 Nd7 13. b4 f5 14. exf5 Nb6 15. Ne4
Nxe4 16. Bxe4 Bxf5 17. Qd3 Bxe4 18. Qxe4 Nd7 19. Nh2 Nf6 20. Qg6 Qe8 21. Qd3
Qh5 22. g4 e4 23. Qg3 Qxd5 24. Be3 Nd7 25. h4 Ne5 26. Kh1 Nf3 27. g5 h5 28. Qh3
Qe5 29. Bd4 Nxd4 30. cxd4 Qxd4 31. Qe6+ Rf7 32. g6 Raf8 33. gxf7+ Rxf7 34. Rae1
d5 35. Rd1 Qxb4 36. Qxd5 Bd6 1-0

[Event "C.to Regionale Umbria"]
[Site "Foligno ITA"]
[Date "2010.06.04"]
[Round "3"]
[White "Cardinali, Egidio"]
[Black "Yamauchi, Juan"]
[Result "1-0"]
[WhiteElo "1999"]
[BlackElo "1487"]
[PlyCount "61"]
[EventDate "2010.06.04"]

1. e4 c5 2. c3 a6 3. f4 Nc6 4. Nf3 e6 5. d4 cxd4 6. Nxd4 Nf6 7. Nxc6 bxc6 8.
Qf3 Bc5 9. b4 Ba7 10. Nd2 O-O 11. e5 Nd5 12. Nc4 Rb8 13. a3 Bb7 14. Nd6 c5 15.
Nxb7 Rxb7 16. c4 Nxb4 17. axb4 Rxb4 18. Rxa6 Bb6 19. Qa3 f6 20. Bd3 fxe5 21.
O-O exf4 22. Rxf4 Re8 23. Qa1 Bc7 24. Rg4 e5 25. Bh6 Re7 26. Bg5 d6 27. Be4 g6
28. Ra8 Bb8 29. Qf1 Qd7 30. Bd5+ Re6 31. Bh6 1-0

[Event "C.to Regionale Umbria"]
[Site "Foligno ITA"]
[Date "2010.06.04"]
[Round "3"]
[White "Caruso, Augusto"]
[Black "Castaldini, Marzia"]
[Result "1-0"]
[WhiteElo "2261"]
[BlackElo "1425"]
[PlyCount "33"]
[EventDate "2010.06.04"]

1. e4 c6 2. c4 d5 3. cxd5 cxd5 4. exd5 Qxd5 5. Nc3 Qa5 6. Nf3 Bg4 7. h3 Bh5 8.
b4 Qc7 9. Bb2 Nf6 10. g4 Bg6 11. Qa4+ Nfd7 12. Rc1 Qc6 13. Nd5 Nb6 14. Nxb6
axb6 15. Qxa8 Qxf3 16. Bb5+ Qc6 17. Rxc6 1-0

[Event "C.to Regionale Umbria"]
[Site "Foligno ITA"]
[Date "2010.06.04"]
[Round "3"]
[White "De Lucia, Alfredo"]
[Black "Calandri, Fausto"]
[Result "0-1"]
[WhiteElo "1582"]
[BlackElo "2108"]
[PlyCount "88"]
[EventDate "2010.06.04"]

1. e4 d5 2. exd5 Qxd5 3. d4 Nc6 4. Nf3 Bg4 5. Be2 O-O-O 6. c3 Nf6 7. O-O e6 8.
Nbd2 Be7 9. Re1 h6 10. Nf1 Qd7 11. Ne3 Bh5 12. Nc4 Bd6 13. a4 Nd5 14. a5 Kb8
15. Bd2 Nf4 16. Bxf4 Bxf4 17. Nfe5 Nxe5 18. Nxe5 Bxe5 19. Bxh5 Bf6 20. a6 b6
21. Bf3 c6 22. Qa4 Kc7 23. Qc4 Qd6 24. b4 Kd7 25. b5 cxb5 26. Qxb5+ Ke7 27. Bb7
Rd7 28. Rad1 Rc7 29. Qb3 Rd8 30. Rc1 Kf8 31. Rcd1 Kg8 32. g3 h5 33. Re3 g6 34.
Kg2 Kg7 35. Qb5 h4 36. Qe2 Rh8 37. h3 Rd8 38. Qg4 Rc4 39. Qe2 Ra4 40. d5 hxg3
41. fxg3 Ra5 42. c4 Rc5 43. Rf3 Be5 44. Qf1 44... f6 {...} 0-1

[Event "C.to Regionale Umbria"]
[Site "Foligno ITA"]
[Date "2010.06.04"]
[Round "3"]
[White "De Santis, Alessio"]
[Black "Bonugli, Carlo"]
[Result "1-0"]
[WhiteElo "2316"]
[BlackElo "2020"]
[PlyCount "63"]
[EventDate "2010.06.04"]

1. b3 e5 2. Bb2 Nc6 3. Nf3 d6 4. d4 Qe7 5. d5 Nb8 6. e4 Nf6 7. Nc3 g6 8. h3 Bg7
9. Qd2 Nbd7 10. O-O-O O-O 11. g4 Nc5 12. Qe3 Bd7 13. Nd2 c6 14. Be2 cxd5 15.
exd5 Ne8 16. h4 Nc7 17. h5 b5 18. hxg6 fxg6 19. Nde4 b4 20. Nxc5 bxc3 21. Bxc3
dxc5 22. d6 Qf6 23. dxc7 Bc6 24. Bc4+ Kh8 25. g5 Qf4 26. Qxf4 Rxf4 27. Rd8+ Rf8
28. Rhd1 Bb7 29. Rxa8 Bxa8 30. Rd8 Bb7 31. Bxe5 Bc8 32. Rxf8# 1-0

[Event "C.to Regionale Umbria"]
[Site "Foligno ITA"]
[Date "2010.06.04"]
[Round "3"]
[White "Franco, Alessandro P."]
[Black "Balducci, Alessandro"]
[Result "0-1"]
[WhiteElo "1843"]
[BlackElo "1774"]
[PlyCount "36"]
[EventDate "2010.06.04"]

1. e4 c5 2. Nf3 d6 3. d4 cxd4 4. Nxd4 Nf6 5. Nc3 a6 6. Bc4 e6 7. Bb3 Be7 8. Qf3
O-O 9. Bg5 Qc7 10. O-O-O Nbd7 11. a3 Nc5 12. Ba2 b5 13. h4 Bb7 14. Bxf6 Bxf6
15. h5 Rac8 16. Ndxb5 axb5 17. Nxb5 Bxe4 18. Qxf6 Nd3+ 0-1

[Event "C.to Regionale Umbria"]
[Site "Foligno ITA"]
[Date "2010.06.04"]
[Round "3"]
[White "Marcugini, Stefano"]
[Black "Fracasso Pezzolato, Michele"]
[Result "1/2-1/2"]
[WhiteElo "1898"]
[BlackElo "1792"]
[PlyCount "45"]
[EventDate "2010.06.04"]

1. e4 c5 2. Nf3 d6 3. d4 cxd4 4. Nxd4 Nf6 5. Nc3 a6 6. a4 b6 7. Be2 Bb7 8. f3
e6 9. O-O Be7 10. Be3 Qc7 11. Bd3 d5 12. exd5 Nxd5 13. Nxd5 Bxd5 14. Ne2 Bd6
15. h3 Nd7 16. Nc3 Bb7 17. Ne4 Be7 18. Qe2 Ne5 19. Bf4 f6 20. Nd2 Qc5+ 21. Be3
Qc7 22. Bf4 Qc5+ 23. Be3 1/2-1/2

[Event "C.to Regionale Umbria"]
[Site "Foligno ITA"]
[Date "2010.06.04"]
[Round "3"]
[White "Marsili, Riccardo"]
[Black "Ferri, Fabio"]
[Result "1-0"]
[WhiteElo "1907"]
[BlackElo "1819"]
[PlyCount "37"]
[EventDate "2010.06.04"]

1. e4 e6 2. Nf3 d5 3. Nc3 Nf6 4. e5 Nfd7 5. d4 c5 6. dxc5 Bxc5 7. Bd3 Nc6 8.
Bf4 Qb6 9. O-O Qxb2 10. Nb5 Kd8 11. Bd2 Bd4 12. Rb1 Qxa2 13. Nbxd4 Nxd4 14.
Nxd4 Nxe5 15. Qe2 Nxd3 16. cxd3 Qa6 17. Rfc1 Bd7 18. Qe5 Qa3 19. Qc7+ 1-0

[Event "C.to Regionale Umbria"]
[Site "Foligno ITA"]
[Date "2010.06.04"]
[Round "3"]
[White "Militello, Michele"]
[Black "Tortolini, Francesco"]
[Result "1/2-1/2"]
[WhiteElo "1835"]
[BlackElo "1922"]
[PlyCount "123"]
[EventDate "2010.06.04"]

1. d4 e6 2. Nf3 Nf6 3. e3 b6 4. Bd3 Bb7 5. c4 Bb4+ 6. Bd2 a5 7. a3 Bxd2+ 8.
Nbxd2 d6 9. O-O O-O 10. Qc2 Nbd7 11. b4 Qe7 12. Rfd1 h6 13. e4 e5 14. d5 Ra7
15. Ra2 axb4 16. axb4 Rxa2 17. Qxa2 Ra8 18. Qb2 Qd8 19. Ra1 Rxa1+ 20. Qxa1 Qa8
21. Qxa8+ Bxa8 22. Ne1 Bb7 23. Nc2 Nh5 24. g3 Nhf6 25. f3 Nh7 26. Bf1 Kf8 27.
Bh3 Nb8 28. b5 Ng5 29. Bf5 g6 30. h4 Nh7 31. Ne3 Nf6 32. Kf2 Ke7 33. Bh3 Kd8
34. Kg2 Bc8 35. Bxc8 Kxc8 36. Nc2 Nbd7 37. Nb3 Ne8 38. Ne3 Kd8 39. Ng4 h5 40.
Ne3 Ke7 41. Kf2 Nc5 42. Nxc5 dxc5 43. Nf1 Nd6 44. Nd2 f5 45. Ke3 Kf6 46. f4
fxe4 47. Nxe4+ Kf5 48. Nxd6+ cxd6 49. fxe5 Kxe5 50. Kd3 Kf5 51. Ke3 g5 52. Kf3
Ke5 53. hxg5 Kf5 54. g6 Kxg6 55. Kf4 Kf6 56. Ke4 Kg5 57. Ke3 Kg4 58. Kf2 h4 59.
gxh4 Kxh4 60. Kf3 Kg5 61. Kg3 Kf5 62. Kf3 1/2-1/2

[Event "C.to Regionale Umbria"]
[Site "Foligno ITA"]
[Date "2010.06.04"]
[Round "3"]
[White "Minelli, Francesco"]
[Black "Parrini, Daniele"]
[Result "1-0"]
[WhiteElo "1852"]
[BlackElo "2120"]
[PlyCount "39"]
[EventDate "2010.06.04"]

1. e4 d6 2. d4 Nf6 3. Nc3 g6 4. Be3 c6 5. f4 Bg7 6. h3 O-O 7. Nf3 Qa5 8. Qd2 b5
9. Bd3 Bb7 10. O-O b4 11. Ne2 c5 12. Ng3 Nbd7 13. f5 cxd4 14. Nxd4 Nc5 15. Bh6
Nfxe4 16. Bxe4 Nxe4 17. Nxe4 Qd5 18. Bxg7 Kxg7 19. f6+ exf6 20. Nxf6 1-0

[Event "C.to Regionale Umbria"]
[Site "Foligno ITA"]
[Date "2010.06.04"]
[Round "3"]
[White "Ognibene, Piero"]
[Black "Verdi, Enea"]
[Result "1/2-1/2"]
[WhiteElo "1893"]
[BlackElo "1437"]
[PlyCount "110"]
[EventDate "2010.06.04"]

1. d4 Nf6 2. c4 e6 3. Nc3 Bb4 4. Qc2 d5 5. a3 Bxc3+ 6. Qxc3 b6 7. Bg5 h6 8. Bh4
Nbd7 9. e3 dxc4 10. Bxc4 g5 11. Bg3 Ne4 12. Qc2 Nxg3 13. hxg3 Bb7 14. f3 Nf6
15. g4 Qd6 16. Ne2 Nd5 17. Kf2 Ke7 18. Qd3 a5 19. Ng3 Rad8 20. Ne4 Qd7 21. Rac1
Nf6 22. Nxf6 Kxf6 23. Qc3 Ke7 24. Be2 Rc8 25. Qb3 Bd5 26. Qb5 Qxb5 27. Bxb5 f5
28. gxf5 exf5 29. Bc6 Kd6 30. Bxd5 Kxd5 31. Rc3 c6 32. Rhc1 Rhe8 33. Rc4 Re6
34. b4 axb4 35. Rxb4 c5 36. Rb5 Rec6 37. Rcb1 Ra8 38. Rxb6 cxd4 39. exd4 Rxb6
40. Rxb6 Rxa3 41. Rxh6 Kxd4 42. Rh5 Ra2+ 43. Kg1 f4 44. Rxg5 Ra1+ 45. Kh2 Ra4
46. Kh3 Ke3 47. Kg4 Kf2 48. Kf5 Ke3 49. Rg8 Kf2 50. Ke5 Rb4 51. Rg4 Ke3 52. g3
Rb5+ 53. Kd6 fxg3 54. Rxg3 Kf4 55. Rh3 Rb3 1/2-1/2

[Event "C.to Regionale Umbria"]
[Site "Foligno ITA"]
[Date "2010.06.04"]
[Round "3"]
[White "Pastore, Cosmas"]
[Black "Scipioni, Gaetano"]
[Result "0-1"]
[WhiteElo "1823"]
[BlackElo "2048"]
[PlyCount "82"]
[EventDate "2010.06.04"]

1. e4 d5 2. exd5 Qxd5 3. Nc3 Qa5 4. d4 Nf6 5. Nf3 c6 6. Bc4 Bf5 7. Ne5 e6 8. g4
Bg6 9. h4 Nbd7 10. Nxd7 Nxd7 11. h5 Be4 12. Rh3 Bb4 13. Bd2 Bxc3 14. Bxc3 Qc7
15. Qd2 O-O-O 16. Bd3 Bxd3 17. Rxd3 Nf6 18. O-O-O Nxg4 19. Qe2 Nf6 20. Kb1 Nd5
21. Bd2 Nf4 22. Bxf4 Qxf4 23. Rf3 Qg4 24. Qe3 Qxh5 25. Rg1 Rd7 26. a3 g6 27. d5
Qxd5 28. Qxa7 Qxf3 29. Qa8+ Kc7 30. Qxh8 Rd1+ 31. Rxd1 Qxd1+ 32. Ka2 Qd5+ 33.
Kb1 h5 34. Qf8 Qd7 35. Qg7 h4 36. Qe5+ Qd6 37. Qf6 h3 38. Qxf7+ Kb6 39. Qf3 h2
40. Kc1 Qd5 41. Qe3+ c5 0-1

[Event "C.to Regionale Umbria"]
[Site "Foligno ITA"]
[Date "2010.06.04"]
[Round "3"]
[White "Pulcini, Lorenzo"]
[Black "Trasciatti, Mirko"]
[Result "0-1"]
[WhiteElo "1518"]
[BlackElo "1926"]
[PlyCount "106"]
[EventDate "2010.06.04"]

1. Nf3 f5 2. g3 e6 3. Bg2 Nf6 4. O-O Be7 5. d3 d5 6. Nbd2 O-O 7. e4 fxe4 8.
dxe4 dxe4 9. Ng5 e3 10. fxe3 Nd5 11. Rxf8+ Qxf8 12. Ndf3 Nc6 13. Ne4 Bd7 14.
Bd2 Rd8 15. c3 Nb6 16. b3 e5 17. Qe2 Bf5 18. Nf2 Bg6 19. e4 Rd6 20. Rd1 Qd8 21.
Ne1 Nd7 22. Bc1 Nf6 23. Rxd6 Qxd6 24. Qd3 Nd8 25. Qxd6 Bxd6 26. Ned3 Ne6 27.
Be3 Kf7 28. Bf3 h5 29. Kf1 Nd7 30. Ke2 Nec5 31. Nxc5 Nxc5 32. Bxc5 Bxc5 33. Nd3
Bd6 34. Nb2 Kf6 35. Nc4 Be8 36. Nxd6 cxd6 37. Kd3 g5 38. h4 g4 39. Be2 Ke6 40.
Kc4 a6 41. Kd3 Kd7 42. Ke3 Bf7 43. b4 Bxa2 44. Bd1 Bc4 45. Be2 Bxe2 46. Kxe2 b5
47. Kd3 Kc6 48. c4 Kb6 49. Kc3 a5 50. bxa5+ Kxa5 51. cxb5 Kxb5 52. Kd3 Kb4 53.
Kd2 Kc4 0-1

[Event "C.to Regionale Umbria"]
[Site "Foligno ITA"]
[Date "2010.06.04"]
[Round "3"]
[White "Rotoni, Matteo"]
[Black "Puglisi, Vincenzo"]
[Result "1-0"]
[WhiteElo "2142"]
[BlackElo "2015"]
[PlyCount "80"]
[EventDate "2010.06.04"]

1. e4 c5 2. c3 Nf6 3. e5 Nd5 4. d4 Nc6 5. Nf3 cxd4 6. cxd4 d6 7. Bc4 dxe5 8.
dxe5 Nb6 9. Qxd8+ Nxd8 10. Bb5+ Bd7 11. Nc3 Bxb5 12. Nxb5 Nd5 13. O-O Nc6 14.
Rd1 O-O-O 15. Ng5 Nxe5 16. Nxa7+ Kb8 17. Nb5 Rd7 18. f4 h6 19. fxe5 hxg5 20. e6
fxe6 21. Bxg5 e5 22. Re1 e6 23. Rxe5 Bc5+ 24. Kh1 b6 25. Rd1 Rf7 26. h4 Rf2 27.
Rxe6 Nf6 28. b4 Bxb4 29. Rxb6+ Kc8 30. Na7+ Kc7 31. Rxb4 Rxa2 32. Nb5+ Kc6 33.
Rc1+ Kd7 34. Rd4+ Ke6 35. Rd6+ Kf7 36. Rf1 Ra5 37. Rb6 Ke7 38. g3 Rha8 39. Nc7
Ra1 40. Nxa8 40... Rxf1+ {...} 1-0

[Event "C.to Regionale Umbria"]
[Site "Foligno ITA"]
[Date "2010.06.04"]
[Round "3"]
[White "Sabia, Corrado"]
[Black "Ficco, Corrado"]
[Result "1-0"]
[WhiteElo "2209"]
[BlackElo "2150"]
[PlyCount "65"]
[EventDate "2010.06.04"]

1. Nf3 d5 2. c4 d4 3. g3 c5 4. b4 cxb4 5. a3 b3 6. Bg2 Nc6 7. O-O e5 8. Qxb3
Nf6 9. e3 Be7 10. Bb2 O-O 11. exd4 exd4 12. d3 Rb8 13. Nbd2 h6 14. Qc2 Bc5 15.
Nb3 b6 16. Rfe1 Bb7 17. Nxc5 bxc5 18. Bc1 Qd7 19. Bf4 Rbe8 20. Qb3 Ba8 21. Qb5
g5 22. Ne5 Nxe5 23. Bxe5 Bxg2 24. Kxg2 Qxb5 25. cxb5 Kg7 26. Bd6 Rg8 27. Bxc5
Rb8 28. a4 Rb7 29. Re7 Rxe7 30. Bxe7 Rc8 31. Bd6 Rc3 32. Be5 Rxd3 33. Rc1 1-0